[Event "Tatry Open"]
[Site "Tatranske Zruby SVK"]
[Date "2004.09.27"]
[Round "4"]
[White "Mrva,Mart"]
[Black "Smolen,J"]
[Result "1-0"]
[WhiteElo "2495"]
[BlackElo "2306"]

1.Nf3 e6 2.c4 d5 3.d4 f5 4.g3 Nf6 5.Bg2 c6 6.O-O Bd6 7.b3 Qe7 8.a4 O-O 9.Ba3 Bxa3
10.Nxa3 a5 11.Nc2 b6 12.Nce1 Nbd7 13.Nd3 Ba6 14.Rc1 Rac8 15.Re1 Rfd8 16.c5 Bxd3
17.exd3 bxc5 18.Qd2 Rb8 19.Qxa5 Rxb3 20.Rxe6 Qxe6 21.Qxd8+ Qe8 22.Qc7 Rxd3
23.Qxc6 Qe2 24.Ne5 Nxe5 25.Qe6+ Kh8 26.dxe5 Rd1+ 27.Rxd1 Qxd1+ 28.Bf1 Ng8
29.Qd7 d4 30.Kg2 Qe1 31.Qxf5 g6 32.Qf4 Qc3 33.e6 d3 34.Bxd3  1-0

[Event "Premier League"]
[Site "Belgrade SCG"]
[Date "2004.09.29"]
[Round "5"]
[White "Jelic,G"]
[Black "Marcetic,N"]
[Result "0-1"]
[WhiteElo "2232"]
[BlackElo "2401"]

1.c4 e6 2.Nf3 d5 3.g3 Nf6 4.Bg2 Be7 5.O-O O-O 6.d4 dxc4 7.Qc2 a6 8.Qxc4 b5
9.Qc2 Bb7 10.Bf4 Nc6 11.Rd1 Nb4 12.Qc1 Nbd5 13.Nc3 Rc8 14.Nxd5 Bxd5 15.Be3 Ng4
16.h3 Nxe3 17.Qxe3 c5 18.dxc5 Bxc5 19.Qf4 Bd6 20.Qd4 Rc4 21.Qd3 Qf6 22.e4 Bxe4
23.Qxd6 Bxf3 24.Bxf3 Qxf3 25.Qxa6 Rc2 26.Qb6 Rxb2 27.Rd8 g6 28.a4 Qf6 29.Rxf8+ Kxf8
30.axb5 Qe5 31.Rd1 Rxb5 32.Qd8+ Kg7 33.Qd4 g5 34.Qg4 Qf5 35.Qd4+ e5 36.Qe3 h6
37.Kg2 h5 38.Re1 Rd5 39.Qe4 Qxe4+ 40.Rxe4 f5 41.Ra4 Rd6 42.Ra7+ Kg6 43.Re7 e4
44.g4 h4 45.Re5 fxg4 46.hxg4 Rd4 47.Re6+ Kf7 48.Re5 Kf6 49.Rf5+ Kg6 50.Re5 e3
51.f3 Rd2+ 52.Kh3 Re2 53.Re6+ Kf7 54.Re4 Re1 55.Kg2 e2 56.Kh2 Rf1 57.Rxe2 Rxf3
58.Re5 Kf6 59.Ra5 Rg3 60.Ra4 Ke5 61.Rb4 Re3  0-1

[Event "Open"]
[Site "Winterthur SUI"]
[Date "2004.10.05"]
[Round "5"]
[White "Haas,C"]
[Black "Malakhatko,V"]
[Result "0-1"]
[WhiteElo "2199"]
[BlackElo "2571"]

1.c4 e6 2.Nf3 d5 3.g3 Nf6 4.Bg2 Be7 5.O-O O-O 6.cxd5 exd5 7.d4 c6 8.Nc3 Bf5
9.Nh4 Be6 10.Qd3 Re8 11.Nf5 Bf8 12.Bg5 Nbd7 13.Rac1 h6 14.Bd2 Nb6 15.b3 Ne4
16.Bxe4 dxe4 17.Qxe4 Qd7 18.g4 Bxb3 19.Qf4 Nd5 20.Nxd5 Bxd5 21.Rfe1 Re4 22.Qg3 Be6
23.f3 Rxd4 24.Bc3 Rd5 25.e4 Rd3 26.Kh1 f6 27.Qf2 Rd8 28.Re2 b6 29.Kg2 Qf7
30.Ng3 Bc5 31.Qe1 Bxa2 32.Bb4 Bxb4 33.Qxb4 c5 34.Qb2 Be6 35.Nh5 Qc7 36.Ra1  0-1

[Event "Piloo Mody Open"]
[Site "Lucknow IND"]
[Date "2004.10.09"]
[Round "9"]
[White "Prathamesh,S"]
[Black "Sriram,J"]
[Result "1/2-1/2"]
[WhiteElo "2368"]
[BlackElo "2393"]

1.c4 e6 2.Nf3 d5 3.b3 Nf6 4.Bb2 Be7 5.e3 O-O 6.Be2 c5 7.d3 Nc6 8.cxd5 Nxd5
9.O-O Bf6 10.Qd2 b6 11.Nc3 Nxc3 12.Bxc3 Ba6 13.Rfd1 Bxc3 14.Qxc3 Qd6 15.Bf1 Rfd8
16.Rd2 e5 17.Rad1 Bb7 18.d4  1/2-1/2

[Event "Essent Open"]
[Site "Hoogeveen NED"]
[Date "2004.10.19"]
[Round "5"]
[White "Hendriks,W"]
[Black "Bensdorp,M"]
[Result "1/2-1/2"]
[WhiteElo "2396"]
[BlackElo "2214"]

1.c4 e6 2.Nf3 d5 3.b3 Nf6 4.g3 Be7 5.Bg2 O-O 6.O-O Nbd7 7.Bb2 b6 8.Nc3 Bb7
9.e3 c5 10.Qe2 Rc8 11.Rac1 Qc7 12.Rfd1 Qb8 13.d4 Rfd8 14.Rc2 Qa8 15.Ne5 dxc4
16.Bxb7 Qxb7 17.Nxd7 Rxd7 18.bxc4 Rcd8  1/2-1/2

[Event "WYb18"]
[Site "Heraklio GRE"]
[Date "2004.11.10"]
[Round "8"]
[White "Tomashevsky,E"]
[Black "Kim,Alex"]
[Result "1-0"]
[WhiteElo "2523"]
[BlackElo "2443"]

1.c4 e6 2.Nf3 d5 3.d4 c6 4.e3 Bd6 5.b3 f5 6.Bd3 Nf6 7.O-O O-O 8.Ba3 Ne4 9.Qc1 b6
10.Bxd6 Qxd6 11.Nc3 Nd7 12.Qb2 Bb7 13.Rad1 Qe7 14.Ne2 Rae8 15.b4 Nd6 16.c5 Ne4
17.Rc1 Rf6 18.Ne5 Nxe5 19.dxe5 Rh6 20.g3 Qg5 21.Nf4 Qe7 22.f3 Ng5 23.Ne2 Nf7
24.f4 g5 25.Nd4 Qd7 26.a4 Rc8 27.Rf2 Rg6 28.Be2 Nd8 29.Rg2 Kf8 30.Kf2 Rg7
31.Ke1 Qe7 32.Qc3 Ra8 33.Nb3 Rb8 34.Kd2 Bc8 35.Rgg1 Bd7 36.Nd4 Be8 37.cxb6 axb6
38.a5 Qa7 39.Rc2 gxf4 40.exf4 c5 41.bxc5 bxa5 42.Rgc1 Bc6 43.Ra1 a4 44.Rca2 Rc7
45.Nxc6 Rxc6 46.Rxa4 Qxc5 47.Qxc5+ Rxc5 48.Ra8 Rcc8 49.Rxb8 Rxb8 50.Ra7 Nc6
51.Rc7 Nd4 52.Bd1 Rb2+ 53.Kd3 Rxh2 54.Kxd4 Rd2+ 55.Kc5 Rxd1 56.Kd6 Rd3 57.Kxe6 Rxg3
58.Kxf5 Kg8 59.e6 Kf8 60.Kf6 Rg6+ 61.Ke5  1-0

[Event "WYg16"]
[Site "Heraklio GRE"]
[Date "2004.11.11"]
[Round "9"]
[White "Khotenashvili,B"]
[Black "Foisor,S"]
[Result "1-0"]
[WhiteElo "2248"]
[BlackElo "2228"]

1.Nf3 e6 2.c4 d5 3.g3 c6 4.b3 f5 5.Bb2 Nf6 6.d3 Bd6 7.Nbd2 O-O 8.Qc2 Qe7
9.Bg2 e5 10.c5 Bxc5 11.Nxe5 Nbd7 12.d4 Bxd4 13.Bxd4 Nxe5 14.O-O Re8 15.Rac1 Bd7
16.Qb2 Ne4 17.Nf3 Ng6 18.b4 b6 19.Nd2 Rac8 20.Nxe4 fxe4 21.Qc3 Ne5 22.f3 exf3
23.exf3 Nc4 24.f4 Qf7 25.Bf3 Nd6 26.Be5 Nf5 27.Rfd1 Be6 28.Qd3 Red8 29.Bh1 Ne7
30.Qe3 Nf5 31.Qf2 Nd6 32.Re1 Nc4 33.Bd4 Re8 34.Bg2 Bf5 35.a4 Nd6 36.Qa2 Rxe1+
37.Rxe1 Be4 38.Bh3 Rd8 39.a5 Nb5 40.Bf2 Nc3 41.Qb3 Nb5 42.Rxe4 Nc7 43.Re1 d4
44.Qxf7+ Kxf7 45.Bf5 c5 46.bxc5 bxc5 47.Bd3 Ne8 48.Rc1 Rc8 49.Bxd4 Rd8 50.Bc4+ Kg6
51.Bxc5 Rc8 52.Bxa7 Kf6 53.Bd4+ Ke7 54.Re1+ Kf8 55.Bf1  1-0

[Event "Acropolis IM Open"]
[Site "Athens GRE"]
[Date "2004.11.19"]
[Round "4"]
[White "Nikolaidis,I"]
[Black "Michos,T"]
[Result "1-0"]
[WhiteElo "2527"]
[BlackElo "2219"]

1.c4 e6 2.Nf3 d5 3.d4 Nf6 4.Nc3 Be7 5.g3 O-O 6.Bg2 Nbd7 7.O-O c6 8.Nd2 Nb6
9.b3 dxc4 10.Nxc4 c5 11.dxc5 Nxc4 12.bxc4 Bxc5 13.Rb1 Qe7 14.Qb3 Rb8 15.Na4 Rd8
16.Nxc5 Qxc5 17.Ba3 Qc7 18.Rfd1 h6 19.Rxd8+ Qxd8 20.Rd1 Qa5 21.Qb4 Qxb4 22.Rd8+ Kh7
23.Bxb4 Kg6 24.f4 Nd7 25.Bd6 Ra8 26.c5  1-0

[Event "It"]
[Site "Piestany SVK"]
[Date "2004.11.19"]
[Round "3"]
[White "Pribyl,Jo"]
[Black "Volodin,V"]
[Result "1/2-1/2"]
[WhiteElo "2400"]
[BlackElo "2212"]

1.c4 e6 2.Nf3 d5 3.b3 Nf6 4.g3 c5 5.Bg2 Nc6 6.O-O Be7 7.e3 O-O 8.Bb2 b6 9.Nc3 Bb7
10.d3 Qd7 11.Qe2 Rfd8 12.Rfd1 Rac8 13.Rac1 h6 14.cxd5 Nxd5 15.Nxd5 Qxd5 16.Ne1 Qd7
17.Qg4 Bf8 18.h4 Nb4 19.Bf6 Re8 20.a3 Bxg2 21.Nxg2 Nd5 22.Bb2 Qb5 23.Qc4 Nc7
24.e4 Qxc4 25.dxc4 Red8 26.Ne3 Be7 27.Kf1 Rxd1+ 28.Rxd1 Rd8 29.Ke2 Rxd1 30.Nxd1 h5
31.Be5 Ne8 32.Bb8 a6 33.e5 f6 34.Nc3 fxe5 35.Bxe5 Bf6 36.f4 Nd6 37.Bxd6 Bxc3
38.a4 Kf7 39.Bc7 Kf6 40.Bxb6 Bb4 41.Bc7 Kf5 42.Kf3 g6 43.Be5 Be1 44.Bb2 Bb4
45.Bg7 Be1 46.Be5 Ba5 47.Bb2 Bb4 48.Ba1 Be1 49.Be5 Ba5 50.Bb8 Be1 51.Bc7 Bc3
52.Bd6 Bb4 53.Kf2 Ke4 54.Ke2 Ba3 55.Be5 Bb4 56.Bb2 Ba5 57.Bc1 Bb4 58.Be3 Ba3
59.Bd2 Kd4 60.Be1 Bb2 61.Ba5 Ba3 62.Kd2 Ke4 63.Kc2 Kd4 64.Bd2 Ke4 65.a5 e5
66.fxe5 Kxe5 67.b4 cxb4 68.Kb3 Kd4 69.Bxb4 Bc1 70.Bd6 Bd2 71.Bc7 Kc5 72.Kc2 Be1
73.Kd3  1/2-1/2

[Event "Acropolis IM Open"]
[Site "Athens GRE"]
[Date "2004.11.20"]
[Round "5"]
[White "Valden,P"]
[Black "Delithanasis,D"]
[Result "0-1"]
[WhiteElo "2204"]
[BlackElo "2268"]

1.c4 e6 2.Nf3 d5 3.d4 c5 4.cxd5 exd5 5.g3 Nc6 6.Bg2 Nf6 7.O-O Be7 8.Nc3 O-O
9.Bg5 cxd4 10.Nxd4 h6 11.Bf4 Bg4 12.h3 Bh5 13.Qd2 Bb4 14.Rfd1 Qa5 15.Ndb5 a6
16.a3 Bxc3 17.Nxc3 d4 18.Ne4 Qf5 19.Nd6 Qd7 20.Nc4 Rad8 21.Ne5 Qe6 22.Nf3 Ne4
23.Qc2 Rfe8 24.Nd2 d3 25.exd3 Bxd1 26.Rxd1 Nxd2 27.Rxd2 Qe1+ 28.Kh2 Nd4 29.Qd1 Qxd1
30.Rxd1 Re2 31.Rd2 Rxd2 32.Bxd2 Rd7 33.g4 f6 34.Be4 Kf7 35.Kg3 Ne6 36.Be3 Nd4
37.f3 Nc6 38.f4 g5 39.Kf3 Nd4+ 40.Kf2 Nc2 41.Bd2 Nd4 42.Be3 a5 43.fxg5 hxg5
44.Bxb7 Rxb7 45.Bxd4 Ke6 46.Kf3 Rh7 47.Kg2 Rd7 48.Bc3 a4 49.d4 Kd5 50.Kf3 Rh7
51.Kg3 Rh6 52.Kg2 Ke4 53.Kg3 f5 54.gxf5 Kxf5 55.Bb4 Rh4 56.d5 Rd4 57.d6 Rd3+
58.Kg2 Kf4 59.Be1 Ke5 60.Bb4 Ke6 61.Kh2 Rb3 62.Bc3 Kxd6 63.Kg3 Ke6 64.Kg4 Rb5
65.h4 gxh4 66.Kxh4 Rf5 67.Kg4 Rf7 68.Kg3 Kd5 69.Bh8 Kc4 70.Be5 Kb3 71.Bc3 Kc2
72.Kg4 Rb7 73.Be5 Rxb2 74.Kf4 Rb3 75.Bd6 Rd3 76.Bc5 Rd5 77.Be7 Rd7 78.Bc5 Rc7
79.Bd6 Rc6 80.Be7 Re6 81.Bc5 Kb2 82.Kf5 Re8 83.Kf4 Rc8 84.Bd6 Rd8 85.Bc5 Rd3
86.Ke4 Rxa3 87.Bxa3+ Kxa3 88.Kd3 Kb2  0-1

[Event "Petrosian Mem Open"]
[Site "Yerevan ARM"]
[Date "2004.11.21"]
[Round "3"]
[White "Haroutjunian,D"]
[Black "Geller,J"]
[Result "0-1"]
[WhiteElo "2294"]
[BlackElo "2489"]

1.Nf3 e6 2.c4 d5 3.b3 Nf6 4.Bb2 Be7 5.g3 c5 6.cxd5 exd5 7.Bg2 O-O 8.O-O b6
9.d4 Re8 10.Nc3 Bb7 11.Rc1 Nbd7 12.Qc2 Rc8 13.Rfd1 Ne4 14.Qb1 Ndf6 15.Nxe4 Nxe4
16.dxc5 bxc5 17.Nd2 Nxd2 18.Rxd2 Bg5 19.f4 Bf6 20.Rcd1 Qe7 21.Bxf6 Qxf6 22.Bxd5 Bxd5
23.Rxd5 Rxe2 24.Qd3 Ree8 25.Rd7 h5 26.Rxa7 h4 27.Rd7 h3 28.Rd6 Qe7 29.Rd7 Qe6
30.f5 Qe5 31.Rd5 Qb2 32.Qd2 Qf6 33.Rc1 Re4 34.Qc3 Qg5 35.Rf1 Re2 36.a4 Rce8
37.Rf2 R8e3 38.Qxc5 Re1+ 39.Rf1 Rxg3+ 40.Kf2 Rxf1+ 41.Kxf1 Qf4+ 42.Ke2 Rg2+
43.Kd3 Qf3+ 44.Kc4 Rc2+ 45.Kb4 Rxc5 46.Rxc5 Qf4+ 47.Kb5 Qxh2 48.a5 Qe2+  0-1

[Event "17th Belgrade Trophy"]
[Site "Obrenovac SCG"]
[Date "2004.11.24"]
[Round "3"]
[White "Cvetkovic,Sr"]
[Black "Lundin,J"]
[Result "1-0"]
[WhiteElo "2433"]
[BlackElo "2299"]

1.c4 e6 2.Nf3 d5 3.d4 Nf6 4.Nc3 Bb4 5.cxd5 exd5 6.Bg5 h6 7.Bh4 g5 8.Bg3 Ne4
9.Nd2 Nxc3 10.bxc3 Bxc3 11.Rc1 Bb2 12.Bxc7 Qd7 13.Rb1 Qxc7 14.Rxb2 Nc6 15.e3 Be6
16.Bd3 Qe7 17.Qb3 Rb8 18.Bb5 Rc8 19.O-O O-O 20.Qa4 a6 21.Bd3 Rc7 22.Rb6 f5
23.Nf3 Kg7 24.g3 f4 25.exf4 gxf4 26.Ne5 fxg3 27.hxg3 Nxe5 28.dxe5 Bf5 29.Qd4 Rc6
30.Rfb1 Qc5 31.Rxb7+ Kg8 32.Qxc5 Rxc5 33.Bxf5 Rxf5 34.Rb8+ Kf7 35.R1b7+ Kg6
36.Rg8+  1-0

[Event "Stek Cup"]
[Site "Tula RUS"]
[Date "2004.11.24"]
[Round "8"]
[White "Shestakov,Se"]
[Black "Novikov,Ma"]
[Result "0-1"]
[WhiteElo "2342"]
[BlackElo "2498"]

1.c4 e6 2.Nf3 d5 3.g3 Nf6 4.Bg2 a6 5.b3 c5 6.cxd5 exd5 7.d4 Nc6 8.O-O Bg4
9.Bb2 cxd4 10.Nxd4 Be7 11.h3 Be6 12.Nc3 Qd7 13.Kh2 h5 14.Nxe6 fxe6 15.Qc2 O-O-O
16.Na4 Qd6 17.Kg1 h4 18.g4 Kb8 19.Rac1 Rc8 20.e3 g5 21.Rfd1 Ne5 22.Qe2 Rxc1
23.Rxc1 Rc8 24.Rxc8+ Kxc8 25.Bd4 Ned7 26.Qc2+ Kd8 27.Bb2 Nf8 28.Nc3 N6d7
29.Ne2 Bf6 30.Nd4 Bxd4 31.Bxd4 e5 32.Bb2 e4 33.Qc3 Ne6 34.Bf1 Ke7 35.Qc8 b5
36.Be2 d4 37.Bxd4 Nxd4 38.exd4 e3 39.Qc3 exf2+ 40.Kxf2 Qh2+ 41.Ke1 Nf6 42.Qe3+ Kd7
43.a4 Nd5 44.Qxg5 Qg3+ 45.Kd1 Qxb3+ 46.Kc1 Qc3+ 47.Kb1 Qe1+ 48.Qc1 Nc3+ 49.Kc2 Qxc1+
50.Kxc1 Nxe2+ 51.Kd2 Nxd4 52.axb5 axb5 53.Kc3 Nf3 54.Kb4 Kc6 55.Kc3 Ng5  0-1

[Event "17th Belgrade Trophy"]
[Site "Obrenovac SCG"]
[Date "2004.11.30"]
[Round "9"]
[White "Cvetkovic,Sr"]
[Black "Todorovic,GM"]
[Result "1-0"]
[WhiteElo "2433"]
[BlackElo "2540"]

1.c4 e6 2.Nf3 d5 3.d4 Nf6 4.Nc3 c6 5.cxd5 exd5 6.Bg5 Be7 7.e3 Bf5 8.Bd3 Bxd3
9.Qxd3 Nbd7 10.O-O O-O 11.Rab1 a5 12.Qc2 Re8 13.Rfc1 Ne4 14.Bxe7 Qxe7 15.Nxe4 dxe4
16.Nd2 Nf6 17.Qc5 Qd8 18.a3 Nd5 19.b4 axb4 20.axb4 Ra2 21.Rc2 Rxc2 22.Qxc2 Qg5
23.Nf1 h5 24.b5 Re6 25.bxc6 bxc6 26.Ng3 f5 27.Rb8+ Kh7 28.Rf8 Ne7 29.Qa2 Rf6
30.Rxf6 Qxf6 31.Nxh5 Qg6 32.Nf4 Qf6 33.Qe6 Qxe6 34.Nxe6 Nd5 35.h4 Kg6 36.Nf4+ Nxf4
37.exf4 Kf6 38.Kf1 Ke6 39.Ke2 Kd5 40.Ke3 g6 41.g3 Ke6 42.f3 exf3 43.Kxf3 Ke7
44.g4 fxg4+ 45.Kxg4 Kf6 46.f5  1-0

[Event "Open"]
[Site "Porec HUN"]
[Date "2004.12.03"]
[Round "4"]
[White "Sikanjic,B"]
[Black "Pelic,S"]
[Result "1-0"]
[WhiteElo "2153"]
[BlackElo "2013"]

1.c4 e6 2.Nf3 d5 3.g3 Nf6 4.Bg2 Nc6 5.O-O Bd6 6.d4 dxc4 7.Qa4 O-O 8.Qxc4 h6
9.Nc3 a6 10.e4 Be7 11.Rd1 Bb4 12.Ne5 Bxc3 13.Nxc6 bxc6 14.bxc3 Bb7 15.Ba3 Re8
16.Rab1 Rb8 17.Rb2 Nd7 18.Qe2 Qc8 19.c4 a5 20.e5 Nb6 21.Be4 Ba6 22.Bd3 Rd8
23.Qe4 g6 24.Be7 Rd7 25.Bf6 Bxc4 26.Qh4 Bxd3 27.Qxh6 Qf8 28.Qh8+  1-0

[Event "Extraliga CZE 2004-5"]
[Site "Czech Rep CZE"]
[Date "2004.12.05"]
[Round "4"]
[White "Firt,S"]
[Black "Malinovsky,K"]
[Result "0-1"]
[WhiteElo "2353"]
[BlackElo "2284"]

1.c4 e6 2.Nf3 d5 3.d4 Nf6 4.Nc3 Nbd7 5.e3 c6 6.Qc2 Bd6 7.Be2 O-O 8.O-O e5
9.cxd5 cxd5 10.Nb5 Bb8 11.dxe5 Nxe5 12.Rd1 Qe7 13.Bd2 Nxf3+ 14.Bxf3 Qe5 15.Bb4 Qxh2+
16.Kf1 Bd7 17.Qd3 Re8 18.Ke2 Qh4 19.Be1 a6 20.Nd4 Ba7 21.a4 Bg4 22.Rac1 Qh2
23.Bxg4 Nxg4 24.Nf5 Qxg2 25.Rc7 Nxe3 26.Ne7+ Rxe7 27.Rxe7 Qg4+ 28.f3 Qg2+
29.Bf2 Nxd1 30.Kxd1 Qxf2 31.Qf5 Qd4+ 32.Ke1 Rf8  0-1

[Event "UTD GM"]
[Site "Dallas USA"]
[Date "2004.12.11"]
[Round "5"]
[White "Simutowe,A"]
[Black "Vavrak,P"]
[Result "0-1"]
[WhiteElo "2424"]
[BlackElo "2388"]

1.Nf3 e6 2.c4 d5 3.d4 c6 4.Nc3 dxc4 5.a4 Bb4 6.e3 b5 7.Bd2 a5 8.Ne5 Nf6 9.axb5 Bxc3
10.bxc3 cxb5 11.Qb1 Ba6 12.g3 O-O 13.Bg2 Ra7 14.O-O Nfd7 15.Bc1 Nxe5 16.dxe5 Qb6
17.Ba3 Rd8 18.Qb2 Bb7 19.e4 Nc6 20.Bd6 f6 21.Rab1 fxe5 22.Ba3 Ba6 23.Bh3 Nd4
24.cxd4 exd4 25.Rfc1 Rb7 26.Rxc4 b4 27.Rcc1 Qd6 28.Qa2 bxa3 29.Bxe6+ Kh8
30.Ra1 Rb2 31.Qxa3 Qxa3 32.Rxa3 Be2 33.Rxa5 g6 34.Ra7 Bf3 35.Bg4 Bxg4 36.Rcc7 Be6
37.Rxh7+ Kg8 38.Rhg7+ Kf8 39.Rxg6 Bh3 40.Rf6+ Ke8 41.f3 Rdb8 42.g4 Rg2+  0-1

[Event "Master Open"]
[Site "Singapore SIN"]
[Date "2004.12.12"]
[Round "2"]
[White "Shen,S"]
[Black "Setiawan,A"]
[Result "1-0"]
[WhiteElo "2129"]
[BlackElo "2275"]

1.Nf3 e6 2.c4 d5 3.b3 Nf6 4.Bb2 Be7 5.g3 Nbd7 6.Bg2 O-O 7.O-O c5 8.d3 Rb8
9.Nbd2 d4 10.e4 e5 11.h3 Qc7 12.Bc1 Re8 13.Nh4 g6 14.Ndf3 Nh5 15.Bd2 Qd8
16.Qc1 Nf8 17.Ng5 Bd7 18.a4 f6 19.Ngf3 Ng7 20.Bh6 Qc8 21.g4 Nfe6 22.Re1 Nf4
23.Bxf4 exf4 24.Bh1 Bxg4 25.hxg4 Qxg4+ 26.Kh2 g5 27.Nf5 Nxf5 28.exf5 Qxf5
29.Qd2 Bd6 30.Rxe8+ Rxe8 31.Re1 Rf8 32.Qe2 Kf7 33.Qe4 Kg6 34.Nh4+  1-0

[Event "ch-IND"]
[Site "Visakhapatnam IND"]
[Date "2004.12.12"]
[Round "12"]
[White "Kunte,A"]
[Black "Sriram,J"]
[Result "1/2-1/2"]
[WhiteElo "2550"]
[BlackElo "2431"]

1.c4 e6 2.Nf3 d5 3.g3 dxc4 4.Qa4+ Nd7 5.Qxc4 a6 6.Bg2 b5 7.Qc2 Bb7 8.O-O Ngf6
9.b3 Be7 10.Bb2 c5 11.d3 O-O 12.Nbd2 Rc8 13.Rac1 Qb6 14.Qb1 Rfd8 15.Qa1 Bf8
16.Rfe1 Nd5 17.a3 Nb8 18.d4 Nd7 19.dxc5 Rxc5 20.Bd4 Rxc1 21.Rxc1 Qd6 22.b4 Rc8
23.Rxc8 Bxc8 24.Qc1 Bb7 25.Qc2  1/2-1/2

[Event "Open"]
[Site "Zadar CRO"]
[Date "2004.12.13"]
[Round "1"]
[White "Ramesa,D"]
[Black "Pavasovic,D"]
[Result "1/2-1/2"]
[WhiteElo "2161"]
[BlackElo "2581"]

1.c4 e6 2.Nf3 d5 3.g3 dxc4 4.Qa4+ c6 5.Qxc4 b5 6.Qc2 Bb7 7.Bg2 Nf6 8.O-O c5
9.a4 b4 10.a5 Be7 11.d3 O-O 12.Bg5 Nbd7 13.Nbd2 h6 14.Bxf6 Bxf6 15.Nc4 Bd5
16.Nfd2 Rc8 17.Rfd1 Rc7 18.Ne3 Nb8 19.Rac1 Bxg2 20.Kxg2 Nc6 21.Nb3 Nd4 22.Nxd4 Bxd4
23.Nc4 f5 24.e3 Bf6 25.Qe2 Rd7 26.Rd2 Qa8+ 27.Qf3 Qd5 28.Rcd1 g5 29.e4 Qd4
30.exf5 Bg7 31.Qc6 exf5 32.Re1 f4 33.Re4 Qd5 34.Qxd5+ Rxd5 35.gxf4 gxf4 36.Kf3 Rfd8
37.Ke2 f3+ 38.Kxf3 Rxd3+ 39.Rxd3 Rxd3+ 40.Re3 Rd7 41.Re6 b3 42.Re8+ Kh7 43.Rb8 Rd4
44.Ne3 Ra4 45.Rxb3 Rxa5 46.Ra3 Rb5 47.Rxa7 Kg6 48.Ra6+ Kh7 49.Ra7 Kg6 50.Ra6+ Kh7  1/2-1/2

[Event "III Pereyra Mem"]
[Site "Mendoza ARG"]
[Date "2004.12.14"]
[Round "6"]
[White "Giardelli,S"]
[Black "Van Riemsdijk,H"]
[Result "1/2-1/2"]
[WhiteElo "2432"]
[BlackElo "2423"]

1.c4 e6 2.Nf3 d5 3.g3 Nf6 4.Bg2 Be7 5.b3 O-O 6.Bb2 c5 7.e3 Nc6 8.O-O b6 9.Qe2 Ba6
10.Nc3 Rc8 11.d3 Ne8 12.Bh3 Nc7 13.a4 Bb7 14.Rfd1 Na5 15.Nd2 f5 16.Rab1 Bf6
17.Ba1 g6 18.Bg2 Qe7 19.Nb5  1/2-1/2

[Event "ch-IND"]
[Site "Visakhapatnam IND"]
[Date "2004.12.14"]
[Round "14"]
[White "Kunte,A"]
[Black "Suvrajit,S"]
[Result "1/2-1/2"]
[WhiteElo "2550"]
[BlackElo "2395"]

1.c4 e6 2.Nf3 d5 3.d4 Nf6 4.g3 c6 5.Qc2 Nbd7 6.Bg2 Bd6 7.O-O O-O 8.Nbd2 Re8
9.Re1 e5 10.dxe5 Nxe5 11.Nxe5 Bxe5 12.Nf3 Bd6 13.cxd5 cxd5 14.Bg5 h6 15.Bxf6 Qxf6
16.Qd2 Be6 17.Rac1 Rac8 18.Rxc8 Rxc8 19.Rc1 Rxc1+ 20.Qxc1 Qd8 21.Ne1 Qd7
22.Qd2 Bc5 23.Nd3 Bb6 24.Nc1 Bc7 25.Nd3 Bd6 26.h4 Qa4 27.a3 Qd4 28.e3 Qc4
29.Bf1 Qc7 30.Nb4 Bxb4 31.Qxb4 Qc1 32.Qxb7 Bh3 33.Qb8+ Kh7 34.Qb5 g6 35.b3 a5
36.Qd3 h5 37.Qe2 Kg7 38.Qb5 Kh7 39.Qd3 Kg7 40.b4 a4 41.b5 Bxf1 42.Qxf1 Qxa3
43.b6 Qb2 44.b7 d4 45.Qd3  1/2-1/2

[Event "Open"]
[Site "Zadar CRO"]
[Date "2004.12.14"]
[Round "2"]
[White "Biliskov,V"]
[Black "Blagojevic,D"]
[Result "1/2-1/2"]
[WhiteElo "2325"]
[BlackElo "2527"]

1.c4 e6 2.Nf3 d5 3.e3 Nf6 4.Nc3 c5 5.cxd5 exd5 6.d4 Nc6 7.Bb5 Bd7 8.O-O a6
9.Be2 Be6 10.b3 Be7 11.Bb2 O-O  1/2-1/2

[Event "zt 3.1"]
[Site "Beirut LIB"]
[Date "2004.12.17"]
[Round "5"]
[White "Khairallah,F"]
[Black "Roghani,A"]
[Result "1-0"]
[WhiteElo "2323"]
[BlackElo "2346"]

1.c4 e6 2.Nf3 d5 3.d4 Nf6 4.Nc3 Be7 5.Bg5 O-O 6.e3 h6 7.Bh4 b6 8.cxd5 exd5
9.Be2 Bb7 10.Ne5 Nfd7 11.Bxe7 Qxe7 12.Nxd7 Nxd7 13.O-O Nf6 14.Rc1 c5 15.Qa4 Rfc8
16.Qa3 Kf8 17.dxc5 bxc5 18.Rfd1 Rc7 19.Rd2 a6 20.Na4 Rac8 21.Rdc2 Nd7 22.Bg4 d4
23.Bxd7 Qxd7 24.Rxc5 Kg8 25.f3 d3 26.Rxc7 Rxc7 27.Rxc7 Qxc7 28.Qxd3 Qc1+
29.Kf2 Qc7 30.h3 h5 31.Nc3 h4 32.Ne2 Bc8 33.Qe4 g5 34.f4 g4 35.hxg4 Bxg4
36.f5 Bxe2 37.Kxe2 Qc1 38.Qe8+ Kg7 39.Qe5+ Kh7 40.f6 Qc2+ 41.Kf3 Qd1+ 42.Kf2 Qc2+
43.Kg1 Qg6 44.Kh2 Kh6 45.Kh3 Qb1 46.Kxh4 Qh1+ 47.Kg3 Qe1+ 48.Kg4 Qd1+ 49.Kh3 Qh1+
50.Qh2 Qf1 51.Qf4+  1-0

[Event "Revolution Mem"]
[Site "Bucharest ROM"]
[Date "2004.12.18"]
[Round "4"]
[White "Ionescu,Co"]
[Black "Cosma,E"]
[Result "1-0"]
[WhiteElo "2468"]
[BlackElo "2358"]

1.c4 e6 2.Nf3 d5 3.d4 c6 4.Qc2 Nf6 5.Nbd2 dxc4 6.Nxc4 c5 7.dxc5 Bxc5 8.a3 O-O
9.b4 Be7 10.Bb2 Nbd7 11.e3 b6 12.Be2 Bb7 13.O-O Rc8 14.Qd3 Nb8 15.Nd4 Be4
16.Qd1 Nc6 17.f3 Nxd4 18.Bxd4 Ba8 19.e4 Nd7 20.Ra2 Rc7 21.Qa1 Bf6 22.Rd1 Qe7
23.Rad2 Rfc8 24.Bxf6 Nxf6 25.Nd6 Rf8 26.Nb5 Rcc8 27.Qe5 h6 28.Nd6 Rc7 29.Ba6 Nd7
30.Qg3 Nb8 31.Bf1 a6 32.a4 a5 33.b5 Nd7 34.Nc4 e5 35.Rd6 Nc5 36.Qxe5 Qxe5
37.Nxe5 Nxa4 38.Nd7 Re8 39.Nxb6 Nxb6 40.Rxb6 Bb7 41.Rbd6 Kf8 42.Rd7 Rxd7
43.Rxd7 Re7 44.Rd4 Re8 45.Ra4 Ra8 46.Kf2 Bc8 47.Bc4 Bd7 48.Ke3 Ke7 49.Kd4 Kd6
50.e5+ Ke7 51.Kc5 g5 52.Kb6 Rc8 53.Kxa5 Rc5 54.Kb4 Rxe5 55.Ra7 Kd6 56.Ra6+ Kc7
57.Rxh6 Be6 58.Bxe6 fxe6 59.Rg6 Kb6 60.Kc4  1-0

[Event "Revolution Mem"]
[Site "Bucharest ROM"]
[Date "2004.12.18"]
[Round "4"]
[White "Jianu,V"]
[Black "Chirila,I"]
[Result "1/2-1/2"]
[WhiteElo "2444"]
[BlackElo "2207"]

1.c4 e6 2.Nf3 d5 3.g3 c6 4.Qc2 dxc4 5.Qxc4 b5 6.Qc2 Bb7 7.d4 Nf6 8.Bg2 Be7
9.O-O O-O 10.a4 Nbd7 11.Nbd2 a6 12.Nb3 Qb6 13.Bd2 Rac8 14.Ba5 Qa7 15.Rfc1 c5
16.axb5 cxd4 17.Qd2 e5 18.b6 Qb8 19.Bb4 Bxb4 20.Qxb4 Nd5 21.Qa5 N5xb6 22.Nc5 Nxc5
23.Rxc5 Nd7 24.Rxc8 Bxc8 25.b4 Bb7 26.Rc1 Qa8 27.Rc7 Bc6 28.Qa2 d3 29.exd3 Nf6
30.Ne1 e4 31.dxe4 Ne8 32.Re7 Qd8 33.Qxa6 Qxe7 34.Qxc6 Qxb4 35.Nf3 Nf6 36.e5 Ne4
37.Bf1 Nc5 38.h4 h6 39.Bh3 Rd8 40.Bf5 Qb7 41.Qxb7 Nxb7 42.e6 Re8 43.exf7+ Kxf7
44.Kg2 Nc5 45.h5 Kf6 46.Bg6 Re2 47.g4 Ne4 48.Bxe4 Rxe4 49.Kg3 Ra4 50.Nh4 Ra3+
51.Kf4 Ra4+ 52.Kg3 Ke5 53.Nf5 Ra3+ 54.f3 Ra7 55.Nh4 Rf7 56.Ng6+ Kf6 57.Nf4 Rd7  1/2-1/2

[Event "Revolution Mem"]
[Site "Bucharest ROM"]
[Date "2004.12.19"]
[Round "6"]
[White "Ionescu,Co"]
[Black "Dinu,DD"]
[Result "1/2-1/2"]
[WhiteElo "2468"]
[BlackElo "2315"]

1.c4 e6 2.Nf3 d5 3.d4 c6 4.Qc2 f5 5.g3 Nf6 6.Bg2 Bd6 7.O-O O-O 8.b3 Qe7 9.a4 a5
10.Ba3 Bxa3 11.Nxa3 Na6 12.Qb2 b6 13.Ne5 Bb7 14.cxd5 exd5 15.Rac1 Rac8 16.e3 Ne4
17.f3 Nd6 18.Nc2 c5 19.f4 Ne4 20.Rfd1 Qe6 21.Ne1 Nb4 22.N1d3 Na6 23.Nf2  1/2-1/2

[Event "Michael Franett Mem"]
[Site "San Francisco USA"]
[Date "2005.01.04"]
[Round "3"]
[White "Lobo,Ri1"]
[Black "Thornally,F"]
[Result "1-0"]
[WhiteElo "2223"]
[BlackElo "2261"]

1.c4 e6 2.Nf3 d5 3.g3 Nf6 4.Bg2 c5 5.O-O Nc6 6.cxd5 exd5 7.d4 Be7 8.Nc3 O-O
9.dxc5 Bxc5 10.Bg5 d4 11.Bxf6 Qxf6 12.Nd5 Qd8 13.Nd2 Re8 14.Rc1 Bb6 15.Nc4 Bg4
16.Re1 Ba5 17.Nxa5 Qxa5 18.a3 Rad8 19.Nf4 Qb5 20.Nd3 Rd6 21.h3 Be6 22.b4 Red8
23.a4 Qg5 24.Rc5 Qe7 25.Qd2 Bd5 26.Bxd5 Rxd5 27.Rec1 h6 28.b5 Rxc5 29.Rxc5 Na5
30.Qc2 g6 31.h4 h5 32.Nf4 b6 33.Rc7 Rd7 34.Nd5  1-0

[Event "TCh-BEL 2004-5"]
[Site "Belgium BEL"]
[Date "2005.01.16"]
[Round "7"]
[White "Chuchelov,V"]
[Black "Wiersma,E"]
[Result "1-0"]
[WhiteElo "2571"]
[BlackElo "2424"]

1.c4 e6 2.Nf3 d5 3.d4 c5 4.cxd5 exd5 5.g3 Nc6 6.Bg2 Nf6 7.O-O Be7 8.Nc3 O-O
9.Bg5 c4 10.Ne5 Be6 11.e3 Nd7 12.Nxc6 bxc6 13.Bxe7 Qxe7 14.b3 Nb6 15.bxc4 Nxc4
16.Qa4 Rab8 17.Rfb1 Nb6 18.Qd1 Bf5 19.Rb3 Nc4 20.Na4 Rb4 21.Nc5 Rb6 22.Rc1 Nb2
23.Qf3 Bg6 24.Bf1 Qd6 25.Qg4 Qb8 26.Qe2 Rd8 27.Qxb2  1-0

[Event "Corus C"]
[Site "Wijk aan Zee NED"]
[Date "2005.01.16"]
[Round "2"]
[White "Korotylev,A"]
[Black "Jonkman,H"]
[Result "1/2-1/2"]
[WhiteElo "2603"]
[BlackElo "2399"]

1.c4 e6 2.Nf3 d5 3.g3 dxc4 4.Qa4+ Nd7 5.Qxc4 c5 6.Bg2 Ngf6 7.Qb3 Bd6 8.d3 Rb8
9.a4 b6 10.Nc3 a6 11.Nd2 Bb7 12.Bxb7 Rxb7 13.O-O Qa8 14.Nc4 Bc7 15.f4 O-O
16.e4 Rbb8 17.Ne3 Kh8 18.Bd2 Qb7 19.e5 Ng8 20.Ne4 Ne7 21.Qd1 Nf5 22.Qh5 g6
23.Qh3 Bd8 24.g4 Nxe3 25.Bxe3 Qd5 26.g5 Be7 27.Qf3 Rfd8 28.Rfd1 Rbc8 29.Qe2 Nb8
30.Nc3 Qb7 31.d4 cxd4 32.Rxd4 Rxd4 33.Bxd4 Nc6 34.Bf2 Na5 35.Rd1 Rd8 36.Rxd8+ Bxd8
37.Qd3 Qc8 38.Qd6 Bc7 39.Qe7 Kg7 40.Qb4 Qd8 41.Kg2 Qd3 42.Qe7 Qd8 43.Qxd8 Bxd8
44.Ne4 Nc6 45.Kf3 Kf8 46.Nd6  1/2-1/2

[Event "Corus C"]
[Site "Wijk aan Zee NED"]
[Date "2005.01.17"]
[Round "3"]
[White "Georgiev,Vl"]
[Black "Mamedjarova,Z"]
[Result "1-0"]
[WhiteElo "2517"]
[BlackElo "2349"]

1.c4 e6 2.Nf3 d5 3.d4 Nf6 4.Bg5 Be7 5.e3 O-O 6.Nc3 h6 7.Bh4 c6 8.cxd5 exd5
9.Bd3 Be6 10.h3 Nbd7 11.O-O Ne8 12.Bg3 Bd6 13.Ne5 Nxe5 14.dxe5 Bc7 15.e4 dxe4
16.Nxe4 Qe7 17.Re1 Rd8 18.Qc2 Bf5 19.Nd6 Bxd3 20.Qxd3 Bb6 21.a4 Qe6 22.Qc3 Rd7
23.a5 Bd8 24.a6 Nxd6 25.exd6 Qf6 26.Be5 Qg6 27.axb7 Rxb7 28.Qxc6 Rb6 29.Qd5 a6
30.d7 Qf5 31.Rad1 Rb5 32.Qd6 f6 33.Bg3 Qh5 34.Re8 Qf7 35.Rde1 Rd5  1-0